|
|
|
|
| LEADER |
00000nab a2200000 a 4500 |
| 001 |
vtls008985368 |
| 003 |
SK-MaSNL |
| 005 |
20260319071250.0 |
| 008 |
070502c2007 xo wr p 000 c0ukr |
| 015 |
|
|
|a SNBRB2007/05
|
| 038 |
|
|
|a SVKPOCL
|
| 040 |
|
|
|a SVKPO
|b slo
|c SVKPO
|e AACR2
|
| 041 |
0 |
|
|a ukr
|
| 044 |
|
|
|a xo
|c SK
|
| 080 |
|
|
|a 394.1/.2
|2 2001
|
| 080 |
|
|
|a 316.022.4(=161)(437.6)
|2 2001
|
| 080 |
|
|
|a 316.022.4(=161.2)(437.6)
|2 2001
|
| 080 |
|
|
|a 793.31
|2 2001
|
| 080 |
|
|
|a 784.4
|2 2001
|
| 100 |
1 |
|
|a Livins'kyj, Oleksa
|4 aut
|9 1065453
|
| 245 |
1 |
0 |
|a Svjato ostann'oho i peršoho bastionu
|c Oleksa Livins'kyj
|
| 300 |
|
|
|b Fotogr.
|
| 500 |
|
|
|a Článok bol publikovaný aj v ukrajinskom časopise [vychádza v Prahe] Porohy. - Roč. [14], č. 2 (2006), s.28-29
|
| 610 |
2 |
7 |
|a Zväz Rusínov-Ukrajincov Slovenskej republiky
|2 svkpocl
|9 18604
|
| 611 |
2 |
7 |
|a Slávnosti kultúry Rusínov-Ukrajincov Slovenska
|n (52. :
|d 2006 :
|c Svidník, Slovensko)
|2 svkpocl
|9 1032789
|
| 650 |
0 |
7 |
|a folklórne festivaly, ukrajinské
|z Svidník (Slovensko)
|2 svkpocl
|9 1065454
|
| 650 |
0 |
7 |
|a folklórne festivaly, rusínske
|z Svidník (Slovensko)
|2 svkpocl
|9 1065455
|
| 650 |
0 |
7 |
|a Rusíni
|z Slovensko
|2 svkpocl
|9 336690
|
| 650 |
0 |
7 |
|a Ukrajinci
|z Slovensko
|2 svkpocl
|9 348197
|
| 651 |
|
7 |
|a Svidník (Slovensko)
|2 svkpocl
|9 28309
|
| 773 |
0 |
|
|t Nove žyttja
|g Roč. 57, č. 1-2 (2007), s. 2
|
| 852 |
|
|
|a SVKPO
|b KIS3GCP
|
| 958 |
|
|
|a UK
|
| 958 |
|
|
|a SK
|
| 958 |
|
|
|a RN
|
| 958 |
|
|
|a CZ
|
| 958 |
|
|
|a ZU
|
| 958 |
|
|
|a ZR
|
| 999 |
|
|
|c 1751137
|d 1753067
|